00898nam a2200229 a 4500001000900000005001700009008004100026041000800067044000700075050002400082100003700106245006600143260008500209300003100294440003400325504003100359650008600390651006300476942001100539999001300550952010500563BRCA_28720190320202939.0930716s1992 mx-b---##b---s000-0#spa-# aspa amx 4aF1391.P8b.Q56 19921 aLanda Abrego, María Elena935710aHistoria de un pueblobNauzontlacMaría Elena Landa Abrego. a[Puebla]bGobierno del Estado de Puebla ; Comisión Puebla V Centenarioc[1992] a185 p.bil., mapasc23 cm. 0aColección V Centenario9963 aBibliografía: p. 177-18514aTenencia de la tierravFuentesxHistoriazMéxico - Santa María Nauzontla9964 4aSanta María Nauzontla (México)vFuentesxHistoria9965 2lcccB c231d231 00104070aBRCAbBRCAd2008-06-25l0oF1391.P8 .Q56 1992p00342r2019-03-22 00:00:00w2019-03-22yB